SAT Words HARD Click Quiz - S #15 - Daily Word Quiz! - Statistics

General Stats
  • This quiz has been taken 168 times
  • The average score is 11 of 16
Answer Stats
Hint Answer % Correct
Occurring beneath the skin Subdermal
93%
Violating something sacred by committing irreverent actions Sacrilege
90%
Having legal capacity of oneself; able to act independently Sui juris
88%
Earnestly and humbly appeal to a higher power Supplicate
82%
An unintentional swap of the initial sounds of words, such as "blushing crows" instead of "crushing blows" Spoonerism
80%
Dull, insipid, lacking in character Saltless
79%
Process of splitting or dividing; or, a schism Scission
79%
Having a congenial and harmonious disposition; mutual understanding Simpatico
79%
A portable covered chair typically carried by two servants Sedan
76%
Mass of floating vegetation; or, vast, stable seaweed region of the ocean Sargasso
68%
Casting lots (using random chance) as a means for divination Sortilege
56%
Broad, flat valley or lowland region, typically formed by a river Strath
51%
State of agitation or irritation, especially when over trivial matters Snit
48%
Upright stone slab or pillar, usually inscribed to serve as a memorial or monument Stela
48%
Dusky or blackened; or, malignant, harmful Swart
48%
Dry, withered; in a state of desiccation Sere
41%
No matching quizzes found
Score Distribution
Percent of People with Each Score
Percentile by Number Answered
Your Score History
You have not taken this quiz